000 00344nam a2200133Ia 4500
008 220216s9999 xx 000 0 und d
100 _aJoseph K
245 0 _aMushroom cultivation using rubber wood saw dust
260 _bRubber Mithram (Malayalam)
_c1999
300 _a50-52
650 _aSaw dust
650 _aSummer mushroom
942 _cBO
999 _c48276
_d48276